Geneva (Record no. 75533)

MARC details
000 -LEADER
campo de control de longitud fija 00477nam a2200169 i 4500
001 - NÚMERO DE CONTROL
campo de control 75533
003 - IDENTIFICADOR DE NÚMERO DE CONTROL
campo de control ES-MaACL
005 - FECHA Y HORA DE LA ÚLTIMA TRANSACCIÓN
campo de control 20230906172509.0
007 - CAMPO FIJO DE DESCRIPCIÓN FÍSICA--INFORMACIÓN GENERAL
campo de control de longitud fija t|
008 - DATOS DE LONGITUD FIJA--INFORMACIÓN GENERAL
campo de control de longitud fija 040924s1920 xxk ||||1| eng d
100 1# - ENTRADA PRINCIPAL--NOMBRE DE PERSONA
Nombre de persona Grande, Constance.
9 (RLIN) 59583
245 10 - MENCIÓN DEL TÍTULO
Título Geneva
Resto del título : its place in the world /
Mención de responsabilidad, etc. by Constance and Julian Grande.
260 ## - PUBLICACIÓN, DISTRIBUCIÓN, ETC.
Lugar de publicación, distribución, etc. London :
Nombre del editor, distribuidor, etc. T. Fisher Unwin,
Fecha de publicación, distribución, etc. 1920.
300 ## - DESCRIPCIÓN FÍSICA
Extensión 158 p. ;
Dimensiones 20 cm.
700 1# - ENTRADA AGREGADA--NOMBRE PERSONAL
Nombre de persona Grande, Julian.
9 (RLIN) 59586
852 ## - LOCALIZACIÓN
Ubicación ES-MaACL
Número de control de estantería F-4629
Holdings
Estatus retirado Estado de pérdida Estado de daño No para préstamo Biblioteca de origen Biblioteca actual Ubicación en estantería Fecha de adquisición Fuente de adquisición Total de préstamos Signatura topográfica completa Código de barras Visto por última vez Precio de reemplazo Tipo de ítem Koha
        Biblioteca del Ateneo de Madrid Biblioteca del Ateneo de Madrid Depósito 2 17/01/2008     F-4629 1079059 23/02/2023 23/02/2023 Libro impreso